000 01206nam a2200373Ia 4500
001 Z_7029
003 CHAP
008 220113s9999 xx 000 0 und d
010 _a170302
020 _a978-607-17-1310-0
040 _cCHAP
082 _a636.0897919 O73
100 _aOrdóñez Medina, Rafael
_9136027
245 _aCirugía de campo en animales de abasto /
_cRafael Ordónez Mendez...[et al.]; colaboradores Luis Arturo Navarro Morales...[et al.]
250 _areimpresión 2016
260 _aMéxico, D. F. :
_bTrillas,
_c
300 _a198 p.
500 _aEn cubierta: cuidados pre y posoperatorios, sedación y anestesia, instrumental y suturas.
503 _aej.1: consumo \ ej.2: consumo
504 _aBibliografía: p. 189 - 191
650 _aAnestesia
_9143179
650 _aCirugía veterinaria
_923436
650 _aCuidados postoperatorios
_9146598
650 _aCuidados preoperatorios
_9143977
650 _aEquipo quirúrgico
_9146599
650 _atécnicas de sutura
_9143181
700 _aNavarro Morales, Luis Arturo, colab.
_9146600
901 _a636.0897919 O73
902 _aM
910 _a
942 _c1
942 _cc1
999 _c170302
_d170302